Online Reputation Management As an Opportunity For Business Performance Improvement
Online reputácia a online reputačný manažment (ORM). Proces online reputačného manažmentu. Kľúčové faktory úspešného online reputačného manažmentu.
Saved in:
| Main Author: | |
|---|---|
| Other Authors: | |
| Format: | Book Chapter |
| Language: | Slovak |
| Subjects: | |
| Tags: |
No Tags, Be the first to tag this record!
|
MARC
| LEADER | 00000naa$a2200000$$$4500 | ||
|---|---|---|---|
| 001 | 0250033 | ||
| 005 | 20240502074013.4 | ||
| 041 | 0 | |a slo | |
| 044 | |a SK | ||
| 245 | 1 | 0 | |a Online Reputation Management As an Opportunity For Business Performance Improvement |c Vladimír Hojdik, Štefan Majtán |
| 520 | |a Online reputácia a online reputačný manažment (ORM). Proces online reputačného manažmentu. Kľúčové faktory úspešného online reputačného manažmentu. | ||
| 610 | 2 | 0 | |a reputácia podniku |
| 610 | 2 | 0 | |a online reputačný manažment |
| 610 | 2 | 0 | |a manažment |
| 610 | 2 | 0 | |a internet |
| 610 | 2 | 0 | |a elektronizácia |
| 610 | 2 | 0 | |a siete sociálne |
| 610 | 2 | 0 | |a efektívnosť |
| 610 | 2 | 0 | |a výkonnosť podniku |
| 100 | 1 | |a Hojdik, Vladimír, 1992- | |
| 700 | 1 | |a Majtán, Štefan | |